|
|
|
|
| LEADER |
00000naa a2200000uu 4500 |
| 001 |
vtls010945910 |
| 003 |
SK-MaSNL |
| 005 |
20260302121943.0 |
| 008 |
210902|1995 xo |||||||||||||||||slo| |
| 015 |
|
|
|a SNBRA
|
| 035 |
|
|
|a (urnnbn)urn:nbn:sk:snk:ar-a0bfmf
|
| 035 |
|
|
|a (uuid)e06d6054-7454-4253-b40d-cfa1309a9e9f
|
| 035 |
|
|
|a urn:nbn:sk:snk-aau7sq
|
| 040 |
|
|
|a SNKBUCL
|b slo
|c SNKBUCL
|e AACR2
|
| 041 |
0 |
|
|a slo
|
| 044 |
|
|
|a xo
|c SK
|
| 100 |
1 |
|
|a Kvapil, Róbert
|4 aut
|9 580073
|
| 245 |
1 |
0 |
|a VPLYV FAZETKY NÁSTROJA NA TVORBU TRIESKY
|c Róbert Kvapil
|
| 246 |
3 |
|
|a THE INFLUENCE OF THE TOOL FACE TO CHIP FORMATION
|
| 773 |
0 |
|
|t Technológia '95
|d Bratislava : Slovenská technická univerzita, 1995
|g S. 488-490
|z 8022707821
|
| 958 |
|
|
|a OND
|
| 958 |
|
|
|a article11
|
| 958 |
|
|
|a chapter
|
| 999 |
|
|
|c 1275905
|d 1277835
|